| Поле | Инд. | ПП | Название | Значение |
|---|---|---|---|---|
| Тип записи | a | |||
| Библиографический уровень | m | |||
| 001 | Контрольный номер | RU/LIBMSTU/290177484 | ||
| 005 | Дата корректировки | 20200514125419.0 | ||
| 020 | 00 | a | ISBN | 5-85125-044-5 |
| c | Цена, тираж | 10-00 | ||
| 084 | a | Индекс другой классификации/Индекс ББК | 66.4(4) | |
| 090 | x | Авторский знак | П 73 | |
| a | Полочн. индекс | 66.4 | ||
| 245 | 00 | a | Заглавие | Преступления НАТО в Югославии |
| n | Номер части/ раздела | Т. 2 | ||
| b | Продолж. заглавия | Документальные свидетельства. 25 апреля-10 июня 1999 г. | ||
| c | Ответственность | пер. с англ. Л. А. Галенской | ||
| 260 | 00 | a | Место издания | Белград |
| c | Дата издания | 1999 | ||
| 300 | 00 | a | Объем | 568 с. |
| 650 | _4 | a | Основная рубрика | Международные отношения-Югославия и НАТО |
| 651 | _4 | a | Географическое наименование | Югославия |
| 653 | 00 | a | Ключевые слова | Беженцы |
| a | Ключевые слова | Бомбардировка | ||
| a | Ключевые слова | НАТО | ||
| 901 | t | Тип документа | m | |
| 990 | 00 | f | Даты поступлений (DOS) | 07.01 |